Cozumel International Airport Destinations (Cozumel, Mexico) - Statistics

General Stats
  • This quiz has been taken 55 times
    13 since last reset
  • The average score is 12 of 13
Answer Stats
Airline Destination % Correct
Delta Air Lines Atlanta
100%
United Airlines Denver
100%
United Airlines Houston (Intercontinental)
100%
Aeroméxico/Aeroméxico Connect/Volaris Mexico City
100%
American Airlines Miami
100%
Air Canada/Air Transat Montréal (Trudeau)
100%
Air Canada/WestJet Toronto (Pearson)
100%
WestJet Calgary
92%
American Airlines Charlotte
92%
American Airlines/United Airlines Chicago (O'Hare)
92%
American Airlines Dallas/Fort Worth
92%
Delta Air Lines/Sun Country Airlines Minneapolis/St. Paul
92%
Viva Monterrey
83%
No matching quizzes found
Score Distribution
Percent of People with Each Score
Percentile by Number Answered
Your Score History
You have not taken this quiz since the last reset